[Event "SVK-chT2C 0506"]
[Site "Slovakia"]
[Date "2006.03.12"]
[Round "11.6"]
[White "Prielozny, Eduard"]
[Black "Fric, Miroslav"]
[Result "0-1"]
[WhiteElo "1826"]
[BlackElo "1742"]
[PlyCount "133"]
[EventDate "2005.10.22"]
[EventType "team-tourn"]
[EventRounds "11"]
[EventCountry "SVK"]
[SourceTitle "EXT 2009"]
[Source "ChessBase"]
[SourceDate "2008.11.26"]
[SourceVersion "1"]
[SourceVersionDate "2008.11.26"]
[SourceQuality "1"]

1. d4 f5 2. c4 Nf6 3. Nc3 e6 4. Bf4 b6 5. Nf3 Bb7 6. Qb3 d6 7. c5 Nd5 8. Bg5 Be7 9. Bxe7 Qxe7 10. cxd6 cxd6 11. e3 0-0 12. Bc4 Nc7 13. 0-0 Rf6 14. d5 b5 15. Nxb5 Nxd5 16. Nxd6 Bc6 17. Nxf5 Rxf5 18. e4 Rh5 19. exd5 exd5 20. Bd3 Rh6 21. Rfe1 Qd8 22. Ne5 Qh4 23. h3 Qg5 24. Ng4 Rd6 25. Re5 Qf4 26. Rf5 Qa4 27. Qc3 Nd7 28. b3 Qa3 29. Rg5 d4 30. Bc4+ Kh8 31. Qg3 Be4 32. Re1 Bg6 33. Ne5 Nxe5 34. Qxe5 Rad8 35. Bf7 R6d7 36. Bxg6 hxg6 37. Rxg6 d3 38. Rh6+ Kg8 39. Qe6+ Rf7 40. Rh4 d2 41. Rd1 Qc1 42. Qe2 Qc2 43. Qh5 Rf5 44. Qh8+ Kf7 45. Qxd8 Qxd1+ 46. Kh2 Qe2 47. Qd7+ Kg6 48. Rd4 Rxf2 49. Qg4+ Qxg4 50. Rxg4+ Kf5 51. Rd4 Ke5 52. Rd7 Kf4 53. Kg1 Re2 54. Kh2 Ke3 55. Kg3 Re1 56. Rxg7 d1Q 57. Re7+ Kd4 58. Rd7+ Ke5 59. Rxd1 Rxd1 60. Kh4 Kf6 61. Kh5 Rd2 62. g4 Rxa2 63. h4 Kg7 64. Kg5 Ra5+ 65. Kf4 Rb5 66. g5 Rxb3 67. h5 0-1

[Event "SVK-chT2C 0506"]
[Site "Slovakia"]
[Date "2006.02.12"]
[Round "9.5"]
[White "Zagrapan, Pavol"]
[Black "Fric, Miroslav"]
[Result "1-0"]
[WhiteElo "2159"]
[BlackElo "1742"]
[PlyCount "92"]
[EventDate "2005.10.22"]
[EventType "team-tourn"]
[EventRounds "11"]
[EventCountry "SVK"]
[SourceTitle "EXT 2009"]
[Source "ChessBase"]
[SourceDate "2008.11.26"]
[SourceVersion "1"]
[SourceVersionDate "2008.11.26"]
[SourceQuality "1"]

1. e4 d5 2. exd5 Qxd5 3. Nc3 Qa5 4. Bc4 Nf6 5. d3 c6 6. Nge2 e6 7. 0-0 Bd6 8. Ne4 Be7 9. Bf4 0-0 10. N2g3 e5 11. Bg5 Qd8 12. Bxf6 Bxf6 13. Nxf6+ Qxf6 14. Ne4 Qg6 15. f4 Bg4 16. Qe1 exf4 17. Rxf4 Be6 18. Bxe6 Qxe6 19. Ng5 Qd5 20. Qg3 h6 21. Ne4 Nd7 22. c4 Qd4+ 23. Kh1 Qxb2 24. Raf1 Rae8 25. h3 Re6 26. R1f2 Qe5 27. d4 Qxd4 28. Nf6+ Qxf6 29. Rxf6 Nxf6 30. Qc7 Ne4 31. Rxf7 Rxf7 32. Qc8+ Kh7 33. Qxe6 Ng5 34. Qe3 Kg8 35. Qxa7 Nh7 36. a4 Nf8 37. Qb8 Rd7 38. a5 Kf7 39. Qc8 Ke7 40. a6 bxa6 41. Qxc6 Ne6 42. Qxa6 Rc7 43. Kg1 Kd7 44. Kf2 Rc6 45. Qa7+ Kd6 46. Qa4 Ke5 1-0